| 000 | 00000nas 2200000za 4500 |
| 001 | 9.836611 |
| 003 | CaOODSP |
| 005 | 20250509081908 |
| 007 | cr ||||||||||| |
| 008 | 170512c20129999oncux m o f0 a0fre|d |
| 040 | |aCaOODSP|bfre |
| 043 | |an-cn--- |
| 086 | 1 |aM41-11F-PDF |
| 130 | 0 |aPrésentation scientifique (Commission géologique du Canada) |
| 245 | 00|aPrésentation scientifique |h[ressource électronique] / |cCommission géologique du Canada. |
| 260 | |a[Ottawa] : |bCommission géologique du Canada, |c[2012]- |
| 310 | |aIrrégulier |
| 500 | |aCertains livrs. bilingue et certains livrs. publ. en anglais sous le titre : Scientific presentation. |
| 692 | 07|2gccst|aGéologie |
| 692 | 07|2gccst|aInformation scientifique |
| 710 | 1 |aCanada. |bRessources naturelles Canada. |
| 710 | 2 |aCommission géologique du Canada. |
| 775 | 08|tScientific presentation |w(CaOODSP)9.820265 |
| 775 | 08|tScientific presentation |w(CaOODSP)9.858901 |